| 000 | 00355nam a2200145Ia 4500 | ||
|---|---|---|---|
| 008 | 210210b1993 xxu||||| |||| 00| 0 eng d | ||
| 082 | _a536 MATH | ||
| 100 | _aMATHUR (D S). | ||
| 245 | _aHeat & thermodynamics. | ||
| 260 |
_aN D _bSultan Chand & Sons _c1993 |
||
| 300 | _axvi,685,ii | ||
| 650 | _aHeat Thermodynamics | ||
| 690 | _aHeat | ||
| 906 | _a048274 | ||
| 999 |
_c97197 _d97197 |
||